<?xml version="1.0" encoding="UTF-8"?>
<marc:record xmlns:marc="http://www.loc.gov/MARC21/slim">
   <marc:leader>00000nam a2200000 a 4500</marc:leader>
   <marc:datafield ind1="0" ind2="0" tag="245">
      <marc:subfield code="a">Der Löwe im Winter</marc:subfield>
   </marc:datafield>
   <marc:datafield ind1=" " ind2="1" tag="264">
      <marc:subfield code="a">Berlin</marc:subfield>
      <marc:subfield code="b">Arthaus</marc:subfield>
      <marc:subfield code="c">2016</marc:subfield>
   </marc:datafield>
   <marc:datafield ind1="1" ind2=" " tag="490">
      <marc:subfield code="a">2</marc:subfield>
   </marc:datafield>
   <marc:datafield ind1="1" ind2=" " tag="520">
      <marc:subfield code="a">Nach dem Tod des Königspaares muss die Thronfolge neu geklärt werden. Da König Henry II und seine Frau Eleanor von Aquitanien schon seit 31 Jahren einer Hassliebe frönen, scheint eine Einigung praktisch unmöglich. Jeder will das größte Stück des Königskuchens und versucht, seinem Lieblingssohn die Monarchennachfolge zuzuspielen. So taktieren alle eifrig, schmieden untereinander feierliche Bündnisse, um sie kurze Zeit später zu verraten. Es wird gedroht, gelogen und angefleht - und keiner der Beteiligten weiß, wer gerade welche Fäden in der Hand hält.</marc:subfield>
   </marc:datafield>
   <marc:datafield ind1=" " ind2=" " tag="020">
      <marc:subfield code="a">4006680083087</marc:subfield>
      <marc:subfield code="9">4006680083087</marc:subfield>
   </marc:datafield>
   <marc:datafield ind1="0" ind2=" " tag="490">
      <marc:subfield code="v">0</marc:subfield>
   </marc:datafield>
   <marc:datafield ind1=" " ind2=" " tag="300">
      <marc:subfield code="a">ca. 129 Min.</marc:subfield>
   </marc:datafield>
</marc:record>
